| 000 | 00908nmm a2200301 a 4500 | ||
|---|---|---|---|
| 003 | AR-BaBNM | ||
| 005 | 20251128202642.0 | ||
| 008 | 082120s2002 ||||||||||||||000 | spa|| | ||
| 020 | _a987-507-231-1 | ||
| 040 | _cAR-BaBNM | ||
| 245 | 1 | 0 |
_aReinaldo Vanossi (1897-1974) _bsus servicios a la química analítica |
| 260 |
_aBuenos Aires _bCiudad Argentina _c2002 |
||
| 300 | 0 |
_a345 p. _bil. |
|
| 500 | 1 | _aIncluye testimonios de maestros, colegas y discípulos; sus discursos; homenajes; correspondencia y curriculum vitae | |
| 600 | 1 | 4 | _aVanossi, Reinaldo |
| 650 | 4 | _aBIOGRAFIAS | |
| 650 | 4 | _aPROFESORES | |
| 650 | 4 | _aINVESTIGADORES | |
| 650 | 4 | _aCIENTIFICOS | |
| 650 | 4 | _aANALISIS QUIMICO | |
| 650 | 4 | _aQUIMICA | |
| 651 | 4 | _aArgentina | |
| 655 | _aBIOGRAFIAS | ||
| 700 | 1 |
_aRecondo, Eduardo Francisco _ecompilador |
|
| 700 | 1 |
_aCastagnino, Juan Miguel _ecompilador |
|
| 942 | _cBK | ||
| 998 | _calex | ||
| 999 |
_c1 _d1 |
||